| Tag |
First Indicator |
Second Indicator |
Subfields |
| LEADER |
00000cam a2200000 i 4500 |
| 001 |
in00003453921 |
| 005 |
20211120171915.0 |
| 006 |
m o d f |
| 007 |
cr bn| |
| 008 |
140321s2002 dcu o f000 0 eng c |
| 035 |
|
|
|a (OCoLC)ocn874139087
|
| 040 |
|
|
|a ELC
|b eng
|e rda
|e pn
|c ELC
|d OCLCO
|d GPO
|d MvI
|d UtOrBLW
|
| 042 |
|
|
|a pcc
|
| 043 |
|
|
|a n-us---
|
| 049 |
|
|
|a WWW
|
| 074 |
|
|
|a 0484-E (online)
|
| 086 |
0 |
|
|a EP 6.52:EM 4/40
|
| 088 |
|
|
|a EPA 420-F-02-008
|
| 245 |
0 |
0 |
|a Effect of proposed evaporative emission standards for marine manufacturers.
|
| 246 |
1 |
|
|i At head of title:
|a Frequently asked questions
|
| 264 |
|
1 |
|a [Washington, D.C.] :
|b U.S. Environmental Protection Agency, Air and Radiation, Office of Transportation and Air Quality,
|c 2002.
|
| 300 |
|
|
|a 1 online resource (4 pages)
|
| 336 |
|
|
|a text
|b txt
|2 rdacontent
|
| 337 |
|
|
|a computer
|b c
|2 rdamedia
|
| 338 |
|
|
|a online resource
|b cr
|2 rdacarrier
|
| 500 |
|
|
|a Title from title screen (viewed on March 21, 2014).
|
| 500 |
|
|
|a "EPA420-F-02-008."
|
| 500 |
|
|
|a "July 2002."
|
| 650 |
|
0 |
|a Marine diesel motors
|x Standards
|z United States.
|
| 650 |
|
0 |
|a Diesel motor exhaust gas
|x Standards
|z United States.
|
| 710 |
1 |
|
|a United States.
|b Environmental Protection Agency.
|b Office of Transportation and Air Quality,
|e issuing body.
|
| 856 |
4 |
0 |
|u https://purl.fdlp.gov/GPO/gpo45493
|t 0
|
| 999 |
|
|
|a MARS
|
| 999 |
f |
f |
|s ceb50768-24ec-39ea-a754-3d5fc88a84ce
|i 3b5192d5-62d6-3ed3-a44a-1db67550c71b
|t 0
|
| 952 |
f |
f |
|a Texas A&M University
|b College Station
|c Electronic Resources
|d Available Online
|t 0
|e EP 6.52:EM 4/40
|h Superintendent of Documents classification
|
| 998 |
f |
f |
|a EP 6.52:EM 4/40
|t 0
|l Available Online
|